[Event "25th Abu Dhabi Master 2018"]
[Site "Abu Dhabi"]
[Date "2018.08.11"]
[Round "4"]
[White "Gukesh D"]
[Black "Karthikeyan, Murali"]
[Result "1/2-1/2"]
[WhiteElo "2440"]
[BlackElo "2609"]
[Annotator "TA"]
[PlyCount "120"]
[EventDate "2018.08.05"]
[EventType "swiss"]
[EventCountry "UAE"]
[SourceTitle "playchess.com"]
[Source "ChessBase"]
[SourceQuality "1"]

1. Nf3 Nf6 2. g3 c5 3. Bg2 Nc6 4. O-O e5 5. e4 d6 6. Re1 Be7 7. c3 O-O 8. h3 Be6 9. d4 exd4 10. cxd4 d5 11. exd5 Nxd5 12. dxc5 Ndb4 13. Nc3 Nd3 14. Re2 Nxc1 15. Rxc1 Bxc5 16. Rd2 Qa5 17. a3 Rad8 18. b4 Bxf2+ 19. Kxf2 Qb6+ 20. Kf1 Bc4+ 21. Ne2 Ba6 22. Rc5 Rfe8 23. Nfg1 Ne7 24. Rxd8 Rxd8 25. Qc2 Qf6+ 26. Ke1 b6 27. Rc7 Nf5 28. Qc3 Qe6 29. Rxa7 Bxe2 30. Nxe2 Ne3 31. Qc6 Rd1+ 32. Kf2 Rf1+ 33. Bxf1 Qxc6 34. Kxe3 g6 35. Kf2 Qf6+ 36. Kg1 Qf3 37. g4 f5 38. gxf5 gxf5 39. Rd7 Qe3+ 40. Kg2 f4 41. Ng1 Qg3+ 42. Kh1 Qxa3 43. b5 Qc1 44. Bg2 Qb1 45. Bc6 f3 46. Rd2 Qf1 47. Bxf3 Qxb5 48. Bd5+ Kh8 49. Nf3 Qc5 50. Kg2 b5 51. Be4 Qe7 52. Bf5 Qf6 53. Rd5 b4 54. Rb5 Qb2+ 55. Kg3 Qg7+ 56. Kf2 Qa7+ 57. Kg3 Qc7+ 58. Kg2 Qg7+ 59. Kf2 Qa7+ 60. Kg3 Qg7+ 1/2-1/2

[Event "25th Abu Dhabi Master 2018"]
[Site "Abu Dhabi"]
[Date "2018.08.11"]
[Round "4"]
[White "Raja Rithvik R"]
[Black "Pranav Anand"]
[Result "1/2-1/2"]
[WhiteElo "2436"]
[BlackElo "2260"]
[Annotator "NA"]
[PlyCount "27"]
[EventDate "2018.08.05"]
[EventType "swiss"]
[EventCountry "UAE"]
[SourceTitle "playchess.com"]
[Source "ChessBase"]
[SourceQuality "1"]

1. c4 e5 2. g3 c6 3. Bg2 d5 4. d4 e4 5. Nc3 Bb4 6. Nh3 Nf6 7. O-O O-O 8. cxd5 cxd5 9. Bg5 Bxc3 10. bxc3 Nbd7 11. Qb3 h6 12. Bxf6 Nxf6 13. Rfc1 Bg4 14. f3 1/2-1/2

[Event "25th Abu Dhabi Master 2018"]
[Site "Abu Dhabi"]
[Date "2018.08.11"]
[Round "4"]
[White "Ikeda, Junta"]
[Black "Nihal Sarin"]
[Result "0-1"]
[WhiteElo "2419"]
[BlackElo "2556"]
[Annotator "TA"]
[PlyCount "44"]
[EventDate "2018.08.05"]
[EventType "swiss"]
[EventCountry "UAE"]
[SourceTitle "playchess.com"]
[Source "ChessBase"]
[SourceQuality "1"]

1. c4 Nf6 2. Nc3 e6 3. d4 Bb4 4. f3 c5 5. d5 b5 6. e4 O-O 7. e5 Ne8 8. f4 exd5 9. cxd5 d6 10. Nf3 c4 11. Bd2 Nc7 12. Ne4 Bxd2+ 13. Qxd2 dxe5 14. d6 Ne6 15. f5 Nd4 16. f6 Re8 17. O-O-O Bf5 18. Re1 Bxe4 19. Rxe4 Nbc6 20. fxg7 Qxd6 21. Be2 Qg6 22. Re3 Nb4 0-1

[Event "25th Abu Dhabi Master 2018"]
[Site "Abu Dhabi"]
[Date "2018.08.11"]
[Round "4"]
[White "Dimakiling, Oliver"]
[Black "Lalith Babu M R"]
[Result "1-0"]
[WhiteElo "2401"]
[BlackElo "2520"]
[Annotator "RC"]
[PlyCount "63"]
[EventDate "2018.08.05"]
[EventType "swiss"]
[EventCountry "UAE"]
[SourceTitle "playchess.com"]
[Source "ChessBase"]
[SourceQuality "1"]

1. Nf3 Nf6 2. d4 e6 3. e3 b6 4. Bd3 Bb7 5. Nbd2 d5 6. O-O Bd6 7. Ne5 Bxe5 8. dxe5 Nfd7 9. Qh5 Nc6 10. f4 Qe7 11. a3 a5 12. Nf3 O-O-O 13. b4 Kb8 14. Nd4 Nxd4 15. exd4 axb4 16. axb4 Qxb4 17. Be3 f5 18. Rfb1 Qe7 19. Qe2 Kc8 20. Ra7 Nb8 21. Bb5 Rdg8 22. c4 dxc4 23. Bxc4 Qd7 24. Qa2 Re8 25. Rxb7 Kxb7 26. d5 Kc8 27. d6 cxd6 28. Bxb6 Qc6 29. Ba6+ Nxa6 30. Qxa6+ Kd7 31. Qa7+ Kc8 32. Be3 1-0

[Event "25th Abu Dhabi Master 2018"]
[Site "Abu Dhabi"]
[Date "2018.08.11"]
[Round "4"]
[White "Arjun Kalyan"]
[Black "Bhambure, Shantanu"]
[Result "1-0"]
[WhiteElo "2390"]
[BlackElo "2194"]
[Annotator "NA"]
[PlyCount "105"]
[EventDate "2018.08.05"]
[EventType "swiss"]
[EventCountry "UAE"]
[SourceTitle "playchess.com"]
[Source "ChessBase"]
[SourceQuality "1"]

1. e4 e5 2. Nf3 Nc6 3. Bb5 a6 4. Ba4 Nf6 5. O-O Be7 6. Re1 b5 7. Bb3 d6 8. c3 O-O 9. h3 Nb8 10. d4 Nbd7 11. Nbd2 Bb7 12. Bc2 Re8 13. a4 c5 14. d5 c4 15. b3 cxb3 16. Nxb3 Qc7 17. Bd2 bxa4 18. Rxa4 Nb6 19. Ra2 Nc4 20. Bd3 Rec8 21. Qe2 Nxd2 22. Nfxd2 a5 23. Rea1 a4 24. Rxa4 Rxa4 25. Rxa4 Qxc3 26. Na5 Ba8 27. Bb5 Qc2 28. Nac4 Rb8 29. Kh2 h6 30. Rb4 Qc3 31. Rb3 Qd4 32. Bc6 Rxb3 33. Nxb3 Qa7 34. Qe3 Qxe3 35. Nxe3 Bxc6 36. dxc6 Bd8 37. Nd2 Kf8 38. Ndc4 Bc7 39. f3 g6 40. Na3 Ke7 41. Nb5 Kd8 42. Nd5 Nxd5 43. exd5 Kc8 44. g4 Kd8 45. Kg2 Kc8 46. Kf1 Kd8 47. Ke2 Kc8 48. Kd3 Kd8 49. Ke4 Kc8 50. h4 Kd8 51. h5 Kc8 52. Nxc7 Kxc7 53. g5 1-0

[Event "25th Abu Dhabi Master 2018"]
[Site "Abu Dhabi"]
[Date "2018.08.11"]
[Round "4"]
[White "Anand Nadar"]
[Black "Pantsulaia, Levan"]
[Result "0-1"]
[WhiteElo "2377"]
[BlackElo "2587"]
[Annotator "ChessBase"]
[PlyCount "70"]
[EventDate "2018.08.05"]
[EventType "swiss"]
[EventCountry "UAE"]
[SourceTitle "playchess.com"]
[Source "ChessBase"]
[SourceQuality "1"]

1. d4 Nf6 2. c4 c5 3. d5 e6 4. Nc3 exd5 5. cxd5 d6 6. e4 g6 7. h3 Bg7 8. Bd3 O-O 9. Nf3 Re8 10. O-O Nbd7 11. Re1 Ne5 12. Nxe5 Rxe5 13. Bf4 Nh5 14. Bxe5 Bxe5 15. Be2 Nf4 16. Bf1 Qg5 17. g3 Nxh3+ 18. Bxh3 Bxh3 19. Qf3 a6 20. Ne2 Bg4 21. Qg2 Qf6 22. f4 Bxb2 23. Rab1 Bxe2 24. Qxe2 Bc3 25. Red1 b5 26. Kg2 b4 27. Qc4 a5 28. e5 dxe5 29. fxe5 Qxe5 30. Qxc5 Qe4+ 31. Kg1 Re8 32. Qf2 Re5 33. Qf4 Bd4+ 34. Rxd4 Qxb1+ 35. Kg2 Rf5 0-1

[Event "25th Abu Dhabi Master 2018"]
[Site "Abu Dhabi"]
[Date "2018.08.11"]
[Round "4"]
[White "Kulkarni, Chinmay"]
[Black "Sindarov, Javokhir"]
[Result "0-1"]
[WhiteElo "2355"]
[BlackElo "2488"]
[Annotator "TA"]
[PlyCount "88"]
[EventDate "2018.08.05"]
[EventType "swiss"]
[EventCountry "UAE"]
[SourceTitle "playchess.com"]
[Source "ChessBase"]
[SourceQuality "1"]

1. e4 e5 2. Nf3 Nc6 3. Bb5 a6 4. Ba4 d6 5. d4 Bd7 6. O-O exd4 7. Nxd4 b5 8. Nxc6 Bxc6 9. Bb3 Nf6 10. c4 Be7 11. Re1 O-O 12. Nc3 Nd7 13. Be3 Bf6 14. cxb5 axb5 15. Bd4 Re8 16. Rc1 Bxd4 17. Qxd4 Nc5 18. Bd5 Bxd5 19. Qxd5 c6 20. Qxc6 Nd3 21. Qxb5 Nxc1 22. Rxc1 Rb8 23. Qe2 d5 24. Rd1 d4 25. h3 Qb6 26. Nd5 Qxb2 27. Qxb2 Rxb2 28. Rxd4 Rxa2 29. f3 Rb8 30. Kh2 h6 31. Kg3 Kh7 32. h4 Rbb2 33. Ne3 Ra3 34. Nd5 Raa2 35. Ne3 Rd2 36. Rc4 Ra3 37. Nd5 f5 38. Rc7 fxe4 39. Nf6+ Kg6 40. Nxe4 Re2 41. Kh2 Rxf3 42. h5+ Kh7 43. Ng3 Ra2 44. Nh1 Rf5 0-1

[Event "25th Abu Dhabi Master 2018"]
[Site "Abu Dhabi"]
[Date "2018.08.11"]
[Round "4"]
[White "Omar, Noaman"]
[Black "Jeet, Jain"]
[Result "1-0"]
[WhiteElo "2353"]
[BlackElo "2136"]
[Annotator "NA"]
[PlyCount "77"]
[EventDate "2018.08.05"]
[EventType "swiss"]
[EventCountry "UAE"]
[SourceTitle "playchess.com"]
[Source "ChessBase"]
[SourceQuality "1"]

1. d4 d5 2. Nf3 Nf6 3. c4 e6 4. g3 dxc4 5. Bg2 c5 6. O-O Nc6 7. dxc5 Qxd1 8. Rxd1 Bxc5 9. Nbd2 c3 10. bxc3 O-O 11. Nb3 Be7 12. c4 Bd7 13. Bb2 Rfd8 14. Nfd4 Be8 15. Nxc6 bxc6 16. Na5 Rac8 17. Bc3 c5 18. Rdb1 Ba4 19. Rb7 Rd7 20. Rab1 Rcd8 21. Bc6 Rxb7 22. Rxb7 Rd1+ 23. Kg2 Bxc6+ 24. Nxc6 Bf8 25. Rxa7 Ne4 26. Ba5 g6 27. Ne5 Rc1 28. Nxf7 Rxc4 29. Nd8 e5 30. Ne6 Bh6 31. f3 Nc3 32. Bxc3 Rxc3 33. g4 Be3 34. g5 Rc2 35. f4 Bxf4 36. Kf3 Rc3+ 37. Ke4 Rh3 38. Nxf4 Rh4 39. Kxe5 1-0

[Event "25th Abu Dhabi Master 2018"]
[Site "Abu Dhabi"]
[Date "2018.08.11"]
[Round "4"]
[White "Samhouri, A."]
[Black "Dixit, Nikhil"]
[Result "1/2-1/2"]
[WhiteElo "2348"]
[BlackElo "2240"]
[Annotator "NA"]
[PlyCount "77"]
[EventDate "2018.08.05"]
[EventType "swiss"]
[EventCountry "UAE"]
[SourceTitle "playchess.com"]
[Source "ChessBase"]
[SourceQuality "1"]

1. d4 Nf6 2. c4 g6 3. Nc3 Bg7 4. e4 d6 5. Nf3 O-O 6. Be2 e5 7. d5 a5 8. Bg5 Na6 9. Nd2 Nc5 10. O-O h6 11. Be3 Ne8 12. a3 f5 13. f3 f4 14. Bf2 g5 15. b4 axb4 16. axb4 Rxa1 17. Qxa1 Na6 18. c5 Nxb4 19. Qa4 Na6 20. c6 Nc5 21. Bxc5 dxc5 22. cxb7 Bxb7 23. Rb1 Nd6 24. Nc4 Bc8 25. Qa7 g4 26. Qxc5 Ba6 27. Nxd6 Bxe2 28. Nf5 gxf3 29. Nxe2 fxe2 30. Qf2 c6 31. d6 f3 32. Qxf3 Rxf5 33. Qxf5 Qb6+ 34. Rxb6 e1=Q+ 35. Qf1 Qe3+ 36. Qf2 Qc1+ 37. Qf1 Qe3+ 38. Qf2 Qc1+ 39. Qf1 1/2-1/2

[Event "25th Abu Dhabi Master 2018"]
[Site "Abu Dhabi"]
[Date "2018.08.11"]
[Round "4"]
[White "Saravana, Krishnan P."]
[Black "Song, Yuxin"]
[Result "1/2-1/2"]
[WhiteElo "2348"]
[BlackElo "2126"]
[Annotator "NA"]
[PlyCount "45"]
[EventDate "2018.08.05"]
[EventType "swiss"]
[EventCountry "UAE"]
[SourceTitle "playchess.com"]
[Source "ChessBase"]
[SourceQuality "1"]

1. e4 c5 2. Nf3 d6 3. d4 cxd4 4. Nxd4 Nf6 5. Nc3 a6 6. a3 e5 7. Nf5 d5 8. Bg5 d4 9. Bxf6 gxf6 10. Nb1 Be6 11. Nd2 Nd7 12. Bd3 Qb6 13. O-O O-O-O 14. b4 Qc7 15. Qf3 Kb8 16. Rfb1 Nb6 17. Ng3 Rg8 18. h3 Rg6 19. a4 Qc3 20. a5 Qxd2 21. axb6 Bxb4 22. Ne2 Rdg8 23. Kh1 1/2-1/2

[Event "25th Abu Dhabi Master 2018"]
[Site "Abu Dhabi"]
[Date "2018.08.11"]
[Round "4"]
[White "Sidhant, Mohapatra"]
[Black "Idani, Pouya"]
[Result "1/2-1/2"]
[WhiteElo "2341"]
[BlackElo "2599"]
[Annotator "TA"]
[PlyCount "100"]
[EventDate "2018.08.05"]
[EventType "swiss"]
[EventCountry "UAE"]
[SourceTitle "playchess.com"]
[Source "ChessBase"]
[SourceQuality "1"]

1. e4 c5 2. Nf3 d6 3. Bb5+ Nd7 4. d4 Ngf6 5. Nc3 cxd4 6. Qxd4 e5 7. Qd3 h6 8. O-O Be7 9. Nd2 O-O 10. Bxd7 Nxd7 11. Nc4 Nc5 12. Qe2 Be6 13. Rd1 Qc7 14. Ne3 Qc6 15. Ncd5 Bxd5 16. Nxd5 Rfe8 17. Qg4 Qc8 18. Qxc8 Raxc8 19. f3 Bg5 20. Bxg5 hxg5 21. Ne3 Re6 22. Rd2 b5 23. Rad1 Rc6 24. b3 g6 25. h3 Kf8 26. Kf2 Ke8 27. Kg3 Kd7 28. Kg4 f6 29. Rd5 a6 30. c4 b4 31. Nc2 a5 32. Ne1 Kc7 33. Nd3 Nb7 34. Nb2 Re7 35. Na4 Rh7 36. g3 Kd7 37. c5 Ke6 38. cxd6 Rd7 39. Rb5 Nxd6 40. Nc5+ Ke7 41. Rxa5 f5+ 42. exf5 gxf5+ 43. Kh5 Rdc7 44. Ra6 Rxa6 45. Nxa6 Rc3 46. Nxb4 Rxf3 47. Nc6+ Ke6 48. Nd8+ Ke7 49. Nc6+ Ke6 50. Nd8+ Ke7 1/2-1/2

[Event "25th Abu Dhabi Master 2018"]
[Site "Abu Dhabi"]
[Date "2018.08.11"]
[Round "4"]
[White "Ahmad, Al Khatib"]
[Black "Pranav Vijay"]
[Result "1-0"]
[WhiteElo "2336"]
[BlackElo "2265"]
[Annotator "NA"]
[PlyCount "77"]
[EventDate "2018.08.05"]
[EventType "swiss"]
[EventCountry "UAE"]
[SourceTitle "playchess.com"]
[Source "ChessBase"]
[SourceQuality "1"]

1. d4 Nf6 2. Bg5 e6 3. e4 h6 4. Bxf6 Qxf6 5. Nc3 d6 6. Nf3 Qd8 7. Qd2 Be7 8. O-O-O Nd7 9. Kb1 c6 10. h4 a6 11. g4 Qc7 12. g5 b5 13. Rg1 Bb7 14. g6 f6 15. Bh3 Nf8 16. Ne2 Bc8 17. Ng3 h5 18. d5 cxd5 19. exd5 e5 20. Bxc8 Qxc8 21. Qd3 Nd7 22. Nf5 Kf8 23. Nd2 Nc5 24. Qf3 Qd7 25. Ne4 Nxe4 26. Qxe4 Rc8 27. b3 Re8 28. Rg3 b4 29. c3 Qa7 30. Re3 Rb8 31. cxb4 a5 32. Rc1 axb4 33. Qxb4 Ra8 34. Rc2 Qa6 35. Rec3 Re8 36. Kb2 Rh6 37. Nxe7 Kxe7 38. Rc6 Qd3 39. Qxd6# 1-0

[Event "25th Abu Dhabi Master 2018"]
[Site "Abu Dhabi"]
[Date "2018.08.11"]
[Round "4"]
[White "Siva Mahadevan"]
[Black "Istratescu, Andrei"]
[Result "1/2-1/2"]
[WhiteElo "2331"]
[BlackElo "2573"]
[Annotator "ChessBase"]
[PlyCount "79"]
[EventDate "2018.08.05"]
[EventType "swiss"]
[EventCountry "UAE"]
[SourceTitle "playchess.com"]
[Source "ChessBase"]
[SourceQuality "1"]

1. e4 c6 2. d4 d5 3. e5 c5 4. Nf3 Nc6 5. c4 e6 6. Nc3 dxc4 7. dxc5 Qxd1+ 8. Kxd1 Bxc5 9. Ne4 Be7 10. Bxc4 b6 11. Bf4 Bb7 12. Rc1 a6 13. Ke2 Nb4 14. Nc3 Nh6 15. Rhd1 Rd8 16. a3 Nc6 17. Rxd8+ Nxd8 18. Be3 b5 19. Nxb5 axb5 20. Bxb5+ Kf8 21. Rc7 Nf5 22. Bb6 f6 23. a4 fxe5 24. Nxe5 Nd6 25. Bc5 Bd5 26. a5 N8b7 27. Bb4 Nxa5 28. Ba6 Nb3 29. Rd7 Nd4+ 30. Kf1 N4f5 31. g4 Ne8 32. Bxe7+ Nxe7 33. Bb5 Ng6 34. f4 Nxe5 35. fxe5 g5 36. Rd8 Kf7 37. Rd7+ Kf8 38. Rd8 Kf7 39. Rd7+ Kf8 40. Rd8 1/2-1/2

[Event "25th Abu Dhabi Master 2018"]
[Site "Abu Dhabi"]
[Date "2018.08.11"]
[Round "4"]
[White "Mithil, Ajgaonkar"]
[Black "Rakshitta Ravi"]
[Result "1-0"]
[WhiteElo "2318"]
[BlackElo "2198"]
[Annotator "NA"]
[PlyCount "71"]
[EventDate "2018.08.05"]
[EventType "swiss"]
[EventCountry "UAE"]
[SourceTitle "playchess.com"]
[Source "ChessBase"]
[SourceQuality "1"]

1. d4 Nf6 2. c4 e6 3. Nf3 d5 4. e3 Be7 5. b3 O-O 6. Bd3 c5 7. O-O Nc6 8. Bb2 dxc4 9. bxc4 Qb6 10. Qc1 Nb4 11. Be2 Rd8 12. Nbd2 Bd7 13. a3 Nc6 14. Rb1 Rac8 15. d5 Nb4 16. axb4 exd5 17. bxc5 Qxc5 18. Bd4 Qc7 19. cxd5 Nxd5 20. Qxc7 Rxc7 21. Be5 Rc2 22. Bd3 Rcc8 23. Rxb7 Bc6 24. Rb3 Nb4 25. Bf5 Ra8 26. Bc7 Re8 27. Ba5 Na6 28. Rc3 Bb5 29. Rb1 Ba4 30. Rc4 Nc5 31. Ne4 Bb3 32. Rc3 Ba2 33. Ra1 Nxe4 34. Bxe4 Rab8 35. Rxa2 Bf6 36. Rc4 1-0

[Event "25th Abu Dhabi Master 2018"]
[Site "Abu Dhabi"]
[Date "2018.08.11"]
[Round "4"]
[White "Kigigha, Bomo"]
[Black "Nitin, S.."]
[Result "0-1"]
[WhiteElo "2317"]
[BlackElo "2449"]
[Annotator "NA"]
[PlyCount "126"]
[EventDate "2018.08.05"]
[EventType "swiss"]
[EventCountry "UAE"]
[SourceTitle "playchess.com"]
[Source "ChessBase"]
[SourceQuality "1"]

1. c4 e5 2. g3 h5 3. h3 Nc6 4. Nc3 h4 5. g4 Nge7 6. Bg2 d6 7. Nf3 Ng6 8. d4 Be7 9. dxe5 dxe5 10. Qxd8+ Bxd8 11. Be3 Be6 12. b3 Nf4 13. Bf1 f6 14. Bd2 Nb4 15. O-O-O Be7 16. a3 Na6 17. Kb2 O-O-O 18. Bxf4 Rxd1 19. Nxd1 exf4 20. Nd4 Bf7 21. Nf5 Bf8 22. e3 g6 23. Nd4 Bd6 24. Nf3 Rd8 25. Be2 g5 26. b4 c5 27. b5 Nc7 28. Bd3 Na8 29. Kb3 Nb6 30. Nb2 fxe3 31. fxe3 Bg3 32. Rd1 Kc7 33. a4 Re8 34. a5 Nc8 35. Rf1 Nd6 36. Nd1 Bg8 37. Nd2 Rd8 38. Kc2 Nf7 39. Rxf6 Ne5 40. b6+ axb6 41. axb6+ Kb8 42. Be2 Be1 43. Nf3 Nxf3 44. Rxf3 Bh7+ 45. Kb3 Be4 46. Rf7 Kc8 47. Rc7+ Kb8 48. Re7 Bg2 49. Nb2 Ba5 50. Na4 Bxb6 51. Nxb6 Rd2 52. Re8+ Ka7 53. Nc8+ Ka6 54. Re6+ Ka5 55. Bf1 Bxf1 56. Nd6 Bg2 57. e4 Rd3+ 58. Kc2 Rxh3 59. Nxb7+ Kb4 60. Re5 Rc3+ 61. Kd2 h3 62. Rxc5 Rxc4 63. Rb5+ Kxb5 0-1

[Event "25th Abu Dhabi Master 2018"]
[Site "Abu Dhabi"]
[Date "2018.08.11"]
[Round "4"]
[White "Kulkarni Bhakti"]
[Black "Srinivasa Rao Margana"]
[Result "0-1"]
[WhiteElo "2312"]
[BlackElo "2160"]
[Annotator "NA"]
[PlyCount "128"]
[EventDate "2018.08.05"]
[EventType "swiss"]
[EventCountry "UAE"]
[SourceTitle "playchess.com"]
[Source "ChessBase"]
[SourceQuality "1"]

1. d4 Nf6 2. c4 g6 3. Nc3 d5 4. Bg5 Ne4 5. Bf4 Nxc3 6. bxc3 dxc4 7. Qa4+ Nd7 8. Be5 f6 9. Bg3 c6 10. Qxc4 Nb6 11. Qd3 Be6 12. Nf3 Nc4 13. e4 Bh6 14. Be2 b5 15. h4 Qa5 16. O-O O-O 17. d5 cxd5 18. Nd4 dxe4 19. Qxe4 Bf7 20. Nc6 Qxc3 21. Nxe7+ Kh8 22. Nd5 Bxd5 23. Qxd5 Rae8 24. Bxc4 Qxc4 25. Qd7 a6 26. Rfe1 Qc8 27. Qd6 Bg7 28. Rxe8 Rxe8 29. Rd1 h5 30. Kh2 Qe6 31. Qc7 Re7 32. Qd8+ Re8 33. Qc7 Re7 34. Rd8+ Kh7 35. Qa5 f5 36. Rd6 Qf7 37. Bf4 Qc4 38. g3 Bd4 39. Qd8 Qe2 40. Qxe7+ Qxe7 41. Rxd4 Qe2 42. Rd2 Qc4 43. Be5 Kg8 44. a3 a5 45. f4 Qb3 46. Bb2 Qe3 47. Rc2 Qd3 48. Rf2 Kf7 49. Bc1 Qc3 50. Bb2 Qe3 51. Rc2 Qd3 52. Rf2 Ke6 53. Bc1 Qc3 54. Bb2 Qe3 55. Kg2 Kd5 56. Be5 Qxa3 57. Rd2+ Kc6 58. Rc2+ Kd7 59. Rc7+ Ke6 60. Rg7 Kd5 61. Rxg6 Ke4 62. Rd6 Qf3+ 63. Kh2 Qe2+ 64. Kh3 Kf3 0-1

[Event "25th Abu Dhabi Master 2018"]
[Site "Abu Dhabi"]
[Date "2018.08.11"]
[Round "4"]
[White "Eric, Jovana"]
[Black "Mendonca, Leon Luke"]
[Result "1/2-1/2"]
[WhiteElo "2307"]
[BlackElo "2168"]
[Annotator "NA"]
[PlyCount "29"]
[EventDate "2018.08.05"]
[EventType "swiss"]
[EventCountry "UAE"]
[SourceTitle "playchess.com"]
[Source "ChessBase"]
[SourceQuality "1"]

1. e4 c5 2. Nc3 d6 3. f4 Nc6 4. Nf3 g6 5. Bb5 Bd7 6. Bc4 Bg7 7. O-O Na5 8. Be2 Nh6 9. d3 f5 10. Qe1 O-O 11. Qh4 Nf7 12. Nd5 Nc6 13. exf5 gxf5 14. Ng5 Nxg5 15. fxg5 1/2-1/2

[Event "25th Abu Dhabi Master 2018"]
[Site "Abu Dhabi"]
[Date "2018.08.11"]
[Round "4"]
[White "Sankalp Gupta"]
[Black "Raghunandan, Kaumandur Srihari"]
[Result "1/2-1/2"]
[WhiteElo "2304"]
[BlackElo "2404"]
[Annotator "NA"]
[PlyCount "55"]
[EventDate "2018.08.05"]
[EventType "swiss"]
[EventCountry "UAE"]
[SourceTitle "playchess.com"]
[Source "ChessBase"]
[SourceQuality "1"]

1. e4 c5 2. Nf3 d6 3. d4 cxd4 4. Nxd4 Nf6 5. Nc3 a6 6. Bg5 e6 7. f4 Qc7 8. Qe2 Nc6 9. O-O-O Be7 10. Nxc6 bxc6 11. e5 dxe5 12. Qxe5 Qxe5 13. fxe5 Ng4 14. Bxe7 Kxe7 15. Re1 f6 16. exf6+ gxf6 17. Ne4 h5 18. h4 e5 19. Rh3 Be6 20. Nc5 Bd5 21. c4 Be6 22. Rb3 Rhb8 23. Rxb8 Rxb8 24. b3 a5 25. Be2 Kd6 26. Ne4+ Ke7 27. Nc5 Kd6 28. Ne4+ 1/2-1/2

[Event "25th Abu Dhabi Master 2018"]
[Site "Abu Dhabi"]
[Date "2018.08.11"]
[Round "4"]
[White "Hamidi, Amir Mohammad"]
[Black "Thompson, Ian D"]
[Result "1-0"]
[WhiteElo "2299"]
[BlackElo "2156"]
[Annotator "NA"]
[PlyCount "59"]
[EventDate "2018.08.05"]
[EventType "swiss"]
[EventCountry "UAE"]
[SourceTitle "playchess.com"]
[Source "ChessBase"]
[SourceQuality "1"]

1. d4 d5 2. c4 c6 3. Nf3 Nf6 4. Nc3 e6 5. e3 Nbd7 6. Qc2 Bd6 7. b3 O-O 8. Be2 Re8 9. O-O Qe7 10. Bb2 b6 11. e4 Nxe4 12. Nxe4 dxe4 13. Qxe4 Bb7 14. Bd3 Nf6 15. Qh4 Ba3 16. Bxa3 Qxa3 17. Ng5 h6 18. Ne4 Qe7 19. c5 Nxe4 20. Qxe4 Qf6 21. Rad1 Rad8 22. Bc2 Rd5 23. Rd3 Ba6 24. Rf3 Qxd4 25. Qh7+ Kf8 26. Bg6 Rd7 27. Qh8+ Ke7 28. Rxf7+ Kd8 29. Rxd7+ Qxd7 30. Bxe8 1-0

[Event "25th Abu Dhabi Master 2018"]
[Site "Abu Dhabi"]
[Date "2018.08.11"]
[Round "4"]
[White "Shailesh, Dravid"]
[Black "Srihari L R"]
[Result "1-0"]
[WhiteElo "2290"]
[BlackElo "2135"]
[Annotator "NA"]
[PlyCount "117"]
[EventDate "2018.08.05"]
[EventType "swiss"]
[EventCountry "UAE"]
[SourceTitle "playchess.com"]
[Source "ChessBase"]
[SourceQuality "1"]

1. Nf3 Nf6 2. c4 c5 3. Nc3 e6 4. e3 Nc6 5. Be2 d5 6. cxd5 exd5 7. d4 c4 8. O-O Rb8 9. Ne5 Bb4 10. Bd2 O-O 11. b3 Bxc3 12. Bxc3 Ne4 13. Bb2 c3 14. Bc1 Qd6 15. Nd3 b5 16. f3 Nf6 17. a3 a5 18. b4 axb4 19. axb4 Bf5 20. g4 Bg6 21. g5 Nd7 22. Nf4 Rfe8 23. Ra6 Rb7 24. Qe1 Ndb8 25. Ra8 c2 26. Qc3 Nxb4 27. Ba3 Rc7 28. Bxb4 Rxc3 29. Bxd6 c1=Q 30. Rxc1 Rxc1+ 31. Kf2 b4 32. Bxb4 Rcc8 33. Nxd5 Nc6 34. Rxc8 Rxc8 35. Bc5 h6 36. h4 Kh7 37. e4 Ra8 38. Nb6 Ra5 39. Nc4 Rb5 40. Nd6 Ra5 41. Bb5 Ne7 42. Bc4 Nc6 43. Nxf7 Bxf7 44. Bxf7 hxg5 45. hxg5 Ne5 46. dxe5 Rxc5 47. e6 Rc7 48. Ke3 g6 49. f4 Kg7 50. f5 gxf5 51. exf5 Kf8 52. Ke4 Rc5 53. Kf4 Rb5 54. g6 Rb4+ 55. Kg5 Rb7 56. Kh6 Ke7 57. g7 Rb8 58. g8=Q Rxg8 59. Bxg8 1-0

[Event "25th Abu Dhabi Master 2018"]
[Site "Abu Dhabi"]
[Date "2018.08.11"]
[Round "4"]
[White "Hejazipour, Mitra"]
[Black "Muthaiah AL"]
[Result "0-1"]
[WhiteElo "2285"]
[BlackElo "2391"]
[Annotator "NA"]
[PlyCount "134"]
[EventDate "2018.08.05"]
[EventType "swiss"]
[EventCountry "UAE"]
[SourceTitle "playchess.com"]
[Source "ChessBase"]
[SourceQuality "1"]

1. e4 d6 2. d4 Nf6 3. Nc3 Nbd7 4. f4 e5 5. Nf3 exd4 6. Qxd4 Nc5 7. Be3 Be7 8. O-O-O O-O 9. h3 Nfd7 10. Qd2 c6 11. Nd4 Nf6 12. Bd3 Re8 13. Rhe1 Bf8 14. Bf2 Qc7 15. g4 Nxd3+ 16. Qxd3 g6 17. g5 Nh5 18. Qf3 b5 19. f5 b4 20. Nce2 c5 21. fxg6 fxg6 22. Nf5 Qf7 23. Nh6+ Bxh6 24. Qxf7+ Kxf7 25. gxh6 Bxh3 26. Ng3 Re6 27. e5 Rxe5 28. Ne4 d5 29. Nd6+ Ke6 30. Bxc5 a5 31. Nb5 Rc8 32. Rxe5+ Kxe5 33. Re1+ Kf4 34. Be3+ Kg3 35. Nd4 Nf4 36. Rg1+ Ng2 37. Kd2 Re8 38. Ne2+ Kf3 39. Rf1+ Kg4 40. Bb6 g5 41. Rf7 Kh5 42. Rxh7 Nh4 43. Bxa5 Nf3+ 44. Kd1 Bg4 45. Bxb4 Nd4 46. Re7 Rxe7 47. Bxe7 Kxh6 48. a4 Bxe2+ 49. Kd2 Ba6 50. b4 g4 51. b5 Bc8 52. Bf6 Ne6 53. Ke3 Kg6 54. Bh4 Bd7 55. b6 Bc8 56. a5 Kf7 57. Kf2 Ke8 58. Kg3 Nd4 59. Kf4 Nxc2 60. Ke5 d4 61. Ke4 Ba6 62. Bf2 d3 63. b7 Bxb7+ 64. Kxd3 Nb4+ 65. Ke3 Kd7 66. Kf4 Bf3 67. Kg3 Kc6 0-1

[Event "25th Abu Dhabi Master 2018"]
[Site "Abu Dhabi"]
[Date "2018.08.11"]
[Round "4"]
[White "Patil, Pratik"]
[Black "Mohamed Faisal"]
[Result "1-0"]
[WhiteElo "2280"]
[BlackElo "2134"]
[Annotator "NA"]
[PlyCount "57"]
[EventDate "2018.08.05"]
[EventType "swiss"]
[EventCountry "UAE"]
[SourceTitle "playchess.com"]
[Source "ChessBase"]
[SourceQuality "1"]

1. e4 c5 2. c3 Nf6 3. e5 Nd5 4. d4 cxd4 5. Nf3 d6 6. cxd4 Nc6 7. Bc4 dxe5 8. Nxe5 e6 9. O-O Be7 10. Nxc6 bxc6 11. Nc3 O-O 12. Re1 a5 13. Ne4 Ba6 14. Bb3 Qb6 15. Bg5 Bxg5 16. Nxg5 Nf6 17. Rc1 Rad8 18. Nxe6 fxe6 19. Rxe6 Kh8 20. Rcxc6 Qb4 21. Rxa6 Rxd4 22. Qe1 Qb8 23. h3 Nd7 24. Re7 Nc5 25. Raa7 Nxb3 26. Rxg7 Re8 27. Rxh7+ Kg8 28. Rag7+ Kf8 29. Re7 1-0

[Event "25th Abu Dhabi Master 2018"]
[Site "Abu Dhabi"]
[Date "2018.08.11"]
[Round "4"]
[White "Raahul V S"]
[Black "Krishna Teja, N."]
[Result "1/2-1/2"]
[WhiteElo "2277"]
[BlackElo "2389"]
[Annotator "NA"]
[PlyCount "66"]
[EventDate "2018.08.05"]
[EventType "swiss"]
[EventCountry "UAE"]
[SourceTitle "playchess.com"]
[Source "ChessBase"]
[SourceQuality "1"]

1. c4 e6 2. g3 Nf6 3. Bg2 d5 4. Nf3 Be7 5. O-O O-O 6. b3 c5 7. e3 Nc6 8. Bb2 b6 9. cxd5 Nxd5 10. d4 Ba6 11. Re1 cxd4 12. Nxd4 Nxd4 13. Bxd4 Rc8 14. a3 Bf6 15. Bxd5 Qxd5 16. Bxf6 Qxd1 17. Rxd1 gxf6 18. Ra2 Bb7 19. Nd2 Rfd8 20. Kf1 Rc3 21. Ke1 f5 22. b4 Rdc8 23. Nb1 Rb3 24. Nd2 Rd3 25. Nb1 Be4 26. Rb2 Rxd1+ 27. Kxd1 Bxb1 28. Rxb1 Rc3 29. Ra1 a5 30. a4 Rc4 31. Rb1 axb4 32. Kd2 Re4 33. Rb3 Rc4 1/2-1/2